Statistics for County-Level Divisions of Henan, China 河南

Click here to take the quiz!

General Stats

  • This quiz has been taken 118 times
  • The average score is 89 of 157

Answer Stats

Prefecture-level City 地級市Answer% Correct
Zhengzhou 鄭州Xinzheng 新鄭
98%
Zhengzhou 鄭州Dengfeng 登封
88%
Zhengzhou 鄭州Erqi 二七
86%
Zhengzhou 鄭州Guancheng 管城
86%
Directly administered 省直轄Jiyuan 濟源
86%
Kaifeng 開封Lankao 蘭考
83%
Zhengzhou 鄭州Jinshui 金水
81%
Kaifeng 開封Qi County 杞縣
81%
Luoyang 洛陽Yanshi 偃師
79%
Anyang 安陽Hua County 滑縣
76%
Hebi 鶴壁Qi County 淇縣
76%
Hebi 鶴壁Xun County 濬縣
76%
Zhengzhou 鄭州Shangjie 上街
74%
Sanmenxia 三門峽Shanzhou 陝州
74%
Zhengzhou 鄭州Xingyang 滎陽
74%
Zhengzhou 鄭州Zhongyuan 中原
74%
Luoyang 洛陽Chanhe 瀍河
71%
Anyang 安陽Linzhou 林州
71%
Anyang 安陽Tangyin 湯陰
71%
Luoyang 洛陽Yichuan 伊川
71%
Zhengzhou 鄭州Zhongmu 中牟
71%
Puyang 濮陽Fan County 范縣
69%
Pingdingshan 平頂山Lushan 魯山
69%
Luoyang 洛陽Mengjin 孟津 (Merge with Jili 合併吉利區)
69%
Sanmenxia 三門峽Mianchi 澠池
69%
Luoyang 洛陽Ruyang 汝陽
69%
Puyang 濮陽Taiqian 台前
69%
Nanyang 南陽Dengzhou 鄧州
67%
Zhengzhou 鄭州Gongyi 鞏義
67%
Luoyang 洛陽Laocheng 老城
67%
Shangqiu 商丘Suiyang 睢陽
67%
Nanyang 南陽Wancheng 宛城
67%
Xuchang 許昌Weidu 魏都
67%
Xinxiang 新鄉Weihui 衛輝
67%
Nanyang 南陽Wolong 臥龍
67%
Kaifeng 開封Xiangfu 祥符
67%
Luoyang 洛陽Xigong 西工
67%
Xinyang 信陽Xin County 新縣
67%
Zhengzhou 鄭州Xinmi 新密
67%
Xinxiang 新鄉Huixian 輝縣
64%
Luoyang 洛陽Jianxi 澗西
64%
Luoyang 洛陽Luanchuan 欒川
64%
Luoyang 洛陽Luolong 洛龍
64%
Puyang 濮陽Puyang County 濮陽縣
64%
Pingdingshan 平頂山Ruzhou 汝州
64%
Hebi 鶴壁Shancheng 山城
64%
Pingdingshan 平頂山Wugang 舞鋼
64%
Nanyang 南陽Xixia 西峽
64%
Sanmenxia 三門峽Yima 義馬
64%
Hebi 鶴壁Heshan 鶴山
62%
Zhoukou 周口Huaiyang 淮陽
62%
Xinyang 信陽Huangchuan 潢川
62%
Luoyang 洛陽Xin'An 新安
62%
Xinxiang 新鄉Xinxiang County 新鄉縣
62%
Anyang 安陽Yindu 殷都
62%
Jiaozuo 焦作Bo'Ai 博愛
60%
Zhengzhou 鄭州Huiji 惠濟
60%
Xuchang 許昌Jian'An 建安
60%
Kaifeng 開封Longting 龍亭
60%
Sanmenxia 三門峽Lushi 盧氏
60%
Zhumadian 駐馬店Runan 汝南
60%
Xinyang 信陽Shihe 溮河
60%
Kaifeng 開封Shunhe 順河
60%
Nanyang 南陽Tongbai 桐柏
60%
Luohe 漯河Wuyang 舞陽
60%
Xuchang 許昌Xiangcheng 襄城
60%
Zhoukou 周口Xiangcheng 項城
60%
Zhumadian 駐馬店Xincai 新蔡
60%
Anyang 安陽Anyang County 安陽縣
57%
Xinyang 信陽Guangshan 光山
57%
Kaifeng 開封Gulou 鼓樓
57%
Xinxiang 新鄉Hongqi 紅旗
57%
Sanmenxia 三門峽Hubin 湖濱
57%
Sanmenxia 三門峽Lingbao 靈寶
57%
Jiaozuo 焦作Mengzhou 孟州
57%
Anyang 安陽Neihuang 內黃
57%
Jiaozuo 焦作Qinyang 沁陽
57%
Zhumadian 駐馬店Shangcai 上蔡
57%
Jiaozuo 焦作Wuzhi 武陟
57%
Nanyang 南陽Xichuan 淅川
57%
Pingdingshan 平頂山Xinhua 新華
57%
Nanyang 南陽Xinye 新野
57%
Zhumadian 駐馬店Yicheng 驛城
57%
Xinxiang 新鄉Fengqiu 封丘
55%
Shangqiu 商丘Liangyuan 梁園
55%
Puyang 濮陽Nanle 南樂
55%
Xinyang 信陽Pingqiao 平橋
55%
Hebi 鶴壁Qibin 淇濱
55%
Xinyang 信陽Shangcheng 商城
55%
Zhoukou 周口Shangshui 商水
55%
Zhoukou 周口Shenqiu 沈丘
55%
Pingdingshan 平頂山Shilong 石龍
55%
Kaifeng 開封Tongxu 通許
55%
Kaifeng 開封Weishi 尉氏
55%
Kaifeng 開封Yuwangtai 禹王台
55%
Xuchang 許昌Yuzhou 禹州
55%
Pingdingshan 平頂山Baofeng 寶豐
52%
Xinxiang 新鄉Changyuan 長垣
52%
Zhoukou 周口Dancheng 鄲城
52%
Jiaozuo 焦作Jiefang 解放
52%
Luoyang 洛陽Luoning 洛寧
52%
Puyang 濮陽Qingfeng 清豐
52%
Nanyang 南陽Tanghe 唐河
52%
Luohe 漯河Yancheng 郾城
52%
Xinxiang 新鄉Yuanyang 原陽
52%
Xuchang 許昌Changge 長葛
50%
Xinyang 信陽Gushi 固始
50%
Nanyang 南陽Nanzhao 南召
50%
Shangqiu 商丘Xiayi 夏邑
50%
Xinyang 信陽Xi County 息縣
50%
Jiaozuo 焦作Xiuwu 修武
50%
Pingdingshan 平頂山Ye County 葉縣
50%
Luoyang 洛陽Yiyang 宜陽
50%
Jiaozuo 焦作Zhongzhan 中站
50%
Zhumadian 駐馬店Biyang 泌陽
48%
Xinyang 信陽Luoshan 羅山
48%
Xinxiang 新鄉Muye 牧野
48%
Zhoukou 周口Taikang 太康
48%
Zhumadian 駐馬店Xiping 西平
48%
Xinxiang 新鄉Yanjin 延津
48%
Shangqiu 商丘Yucheng 虞城
48%
Anyang 安陽Beiguan 北關
45%
Puyang 濮陽Hualong 華龍
45%
Pingdingshan 平頂山Jia County 郟縣
45%
Anyang 安陽Long'An 龍安
45%
Jiaozuo 焦作Macun 馬村
45%
Shangqiu 商丘Ningling 寧陵
45%
Luoyang 洛陽Song County 嵩縣
45%
Xinxiang 新鄉Weibin 衛濱
45%
Nanyang 南陽Fangcheng 方城
43%
Xinyang 信陽Huaibin 淮濱
43%
Xinxiang 新鄉Huojia 獲嘉
43%
Shangqiu 商丘Minquan 民權
43%
Nanyang 南陽Sheqi 社旗
43%
Xuchang 許昌Yanling 鄢陵
43%
Shangqiu 商丘Yongcheng 永城
43%
Shangqiu 商丘Zhecheng 柘城
43%
Zhumadian 駐馬店Zhengyang 正陽
43%
Zhoukou 周口Fugou 扶溝
40%
Luohe 漯河Linying 臨潁
40%
Zhumadian 駐馬店Queshan 確山
40%
Zhumadian 駐馬店Suiping 遂平
40%
Anyang 安陽Wenfeng 文峰
40%
Zhoukou 周口Xihua 西華
40%
Luohe 漯河Yuanhui 源匯
40%
Zhoukou 周口Luyi 鹿邑
38%
Luohe 漯河Shaoling 召陵
38%
Pingdingshan 平頂山Weidong 衛東
38%
Jiaozuo 焦作Wen County 溫縣
38%
Pingdingshan 平頂山Zhanhe 湛河
38%
Nanyang 南陽Zhenping 鎮平
38%
Zhoukou 周口Chuanhui 川匯
36%
Nanyang 南陽Neixiang 內鄉
36%
Jiaozuo 焦作Shanyang 山陽
36%
Xinxiang 新鄉Fengquan 鳳泉
31%
Zhumadian 駐馬店Pingyu 平輿
31%
Shangqiu 商丘Sui County 睢縣
29%

Score Distribution

Percentile by Number Answered

Percent of People with Each Score

Your Score History

You have not taken this quiz